00648nam a22001817a 450000500170000000800410001704100080005808200230006610000200008924500350010926000520014430000090019650000250020550000150023094200070024599900190025295201950027120250425142047.0250425b |||||||| |||| 00| 0 eng d amar a891.46bAFA B22586 aAfale G9211924 aVyatha Hindustanchya Phalnichi aPunebBharatiya Vichar Sadhana Prakashan c2023 a488p aMarathi Literature  aLiterature cBK c365967d365967 00102ddc4070aHIMRbHIMRd2025-03-17eBharatiya Vichar Sadhana Foundation g600.00iHO/IN/579l0o891.46 AFA B22586pHIMR-BK-22586r2025-04-25 00:00:00t30v420.00w2025-03-11yBKzB22586